| 000 | 00816nam a2200265 a 4500 | ||
|---|---|---|---|
| 003 | Co-PeBPM | ||
| 005 | 20251028120010.0 | ||
| 008 | 231129s1989||||ck |||||||||||||| ||spa|| | ||
| 020 | _a958-607-775-6 | ||
| 040 |
_bspa _aCo-PeBPM _cCo-PeBPM _erda |
||
| 041 | _aspa | ||
| 082 | _a242.6 B783t | ||
| 100 |
_aBovo, Clóvis _eAutor |
||
| 245 | 0 | _a365 días 365 historias | |
| 250 | _aPrimera | ||
| 264 | _aSan Pablo, Bogotá (Colombia); 1989 | ||
| 300 |
_a463 páginas; _c21cms |
||
| 490 | _aColección TESTIGOS | ||
| 500 | _aIncluye índice | ||
| 505 | _aIncluye índice | ||
| 650 | 1 | 4 |
_2LEMB _aBiblia _vSantos _xReflexión personal |
| 650 | 1 | 4 |
_2LEMB _aMensajes |
| 700 |
_aSilvio Josué López _eTraducción |
||
| 942 |
_2ddc _cBK _h242.6 _iB783t _n0 |
||
| 999 |
_c4238 _d4238 |
||